00329 a2200109 4500001000900000005001700009008004100026245004600067100002200113773006900135999001500204ART_767420260410161555.0260409a 10aAnte la reforma del ordenamiento contable1 aTua Pereda, Jorge0 tProfesional & Empresariag- Año IX, Nº 106 (jul. 2008)wREV70 c9147d9147